000
00205 a2200097 4500
001
20736
100
_a
Rees, D
245
_a
Age of containment, The
260
_a
_b
Macmillan
_c
1968
090
_c
15020
_d
15020
942
_a
NUST-CAE
_c
M
_c
5582
999
_c
255809
_d
255809